Sports Quiz

Random Sports or MLB Quiz

MLB All-Star Right Fielders (NL) Quiz Stats

 Plays Quiz Updated Jul 19, 2018

Score 0/90 Timer 10:00
4 Plays Today
Year Player % Correct
2017Bryce Harper
93.4%
2016Bryce Harper
92.4%
2015Bryce Harper
90%
2009Ryan Braun
85.1%
1957Hank Aaron
84.1%
1958Hank Aaron
84.1%
1959 (1)Hank Aaron
84.1%
1959 (2)Hank Aaron
84.1%
1960 (2)Hank Aaron
84.1%
1960 (1)Hank Aaron
84.1%
1963Hank Aaron
84.1%
1965Hank Aaron
84.1%
1968Hank Aaron
84.1%
1969Hank Aaron
84.1%
1970Hank Aaron
84.1%
1971Hank Aaron
84.1%
1972Hank Aaron
84.1%
1974Hank Aaron
84.1%
2000Sammy Sosa
82.5%
2001Sammy Sosa
82.5%
2002Sammy Sosa
82.5%
2004Sammy Sosa
82.5%
2019Cody Bellinger
81.6%
1961 (1)Roberto Clemente
80.5%
1961 (2)Roberto Clemente
80.5%
1962 (1)Roberto Clemente
80.5%
1962 (2)Roberto Clemente
80.5%
1964Roberto Clemente
80.5%
1966Roberto Clemente
80.5%
1967Roberto Clemente
80.5%
Year Player % Correct
1997Larry Walker
78.9%
1999Larry Walker
78.9%
1944Dixie Walker
78.7%
1946Dixie Walker
78.7%
1947Dixie Walker
78.7%
1984Darryl Strawberry
78.2%
1985Darryl Strawberry
78.2%
1986Darryl Strawberry
78.2%
1987Darryl Strawberry
78.2%
1988Darryl Strawberry
78.2%
1989Tony Gwynn
76.4%
1992Tony Gwynn
76.4%
1995Tony Gwynn
76.4%
1998Tony Gwynn
76.4%
2014Yasiel Puig
68.7%
2008Matt Holliday
67.8%
1954Stan Musial
67.7%
1956Stan Musial
67.7%
1982Dale Murphy
64.8%
1983Dale Murphy
64.8%
1990Andre Dawson
63.3%
1991Andre Dawson
63.3%
2012Carlos Beltran
56.8%
2013Carlos Beltran
56.5%
1993David Justice
55.3%
1994David Justice
55.3%
1977Dave Parker
54.1%
1979Dave Parker
54.1%
1980Dave Parker
54.1%
1981Dave Parker
54.1%
Year Player % Correct
1996Dante Bichette
53.4%
2018Nick Markakis
50.1%
1973Billy Williams
46.2%
2007Ken Griffey
46.1%
1975Pete Rose
44.5%
2006Jason Bay
44.5%
1935Mel Ott
41.3%
1942Mel Ott
41.3%
2003Gary Sheffield
34.9%
2010Corey Hart
34.6%
2005Bobby Abreu
32%
2011Lance Berkman
29.3%
1976Dave Kingman
25.6%
1933Chuck Klein
23.8%
1948Enos Slaughter
23.7%
1952Enos Slaughter
23.7%
1953Enos Slaughter
23.7%
1978Rick Monday
20.8%
1937Paul Waner
17.7%
1950Hank Sauer
10.7%
1934Kiki Cuyler
8%
1951Del Ennis
7.9%
1941Bill Nicholson
5.8%
1943Bill Nicholson
5.8%
1949Willard Marshall
4.7%
1955Don Mueller
4.2%
1938Ival Goodman
3.5%
1939Ival Goodman
3.5%
1936Frank Demaree
2.6%
1940Max West
2.4%

You're not logged in!

Compare scores with friends on all Sporcle quizzes.
OR
Log In

Show Comments

Extras

Top Quizzes Today


Score Distribution

Your Account Isn't Verified!

In order to create a playlist on Sporcle, you need to verify the email address you used during registration. Go to your Sporcle Settings to finish the process.

Report this User

Report this user for behavior that violates our Community Guidelines.

Details: